| 000 | 00000nas 2200000za 4500 |
| 001 | 9.503836 |
| 003 | CaOODSP |
| 005 | 20220505163028 |
| 007 | cr ||||||||||| |
| 008 | 150406d20102011xxc|| p o||||f| |0fre|d |
| 022 | |a2291-4080 |
| 040 | |aCaOODSP|bfre |
| 043 | |an-cn--- |
| 086 | 1 |aHP32-8F-PDF |
| 110 | 2 |aAgence de santé publique du Canada. |
| 245 | 10|aMorbidité maternelle grave au Canada |h[ressource électronique] |
| 260 | |aOttawa - Ontario : |bAgence de santé publique du Canada |
| 310 | |aAnnuel |
| 362 | 1 |a2009/10-- |
| 691 | 07|aFemme|2gcpds |
| 691 | 07|aMaladie|2gcpds |
| 775 | 08|tSevere maternal morbidity in Canada |w(CaOODSP)9.507442 |
| 776 | 0#|tMorbidité maternelle grave au Canada |w(CaOODSP)9.507974 |